Enid Blyton's "Famous Five" Novels - Statistics

General Stats
  • This quiz has been taken 328 times
  • The average score is 8 of 21
Answer Stats
Number Book Title % Correct
1 Five on a Treasure Island
57%
4 Five Go to Smuggler's Top
56%
2 Five Go Adventuring Again
51%
3 Five Run Away Together
50%
5 Five Go Off in a Caravan
46%
8 Five Get Into Trouble
44%
16 Five Go to Billycock Hill
44%
6 Five on Kirrin Island Again
41%
21 Five Are Together Again
40%
13 Five Go to Mystery Moor
39%
17 Five Get into a Fix
37%
7 Five Go Off to Camp
37%
18 Five on Finniston Farm
35%
14 Five Have Plenty of Fun
34%
12 Five Go Down to the Sea
32%
19 Five Go to Demon's Rocks
27%
9 Five Fall Into Adventure
26%
20 Five Have a Mystery to Solve
26%
11 Five Have a Wonderful Time
26%
10 Five on a Hike Together
24%
15 Five on a Secret Trail
24%
No matching quizzes found
Score Distribution
Percent of People with Each Score
Percentile by Number Answered
Your Score History
You have not taken this quiz